| Tag |
First Indicator |
Second Indicator |
Subfields |
| LEADER |
00000cam a22000008a 4500 |
| 001 |
in00000090203 |
| 005 |
20151008065628.0 |
| 008 |
820121s1982 ilu b 00010 eng |
| 010 |
|
|
|a 82000057
|
| 020 |
|
|
|a 0829403787
|
| 035 |
|
|
|a (OCoLC)08171090
|
| 035 |
|
|
|9 AAK6290AM
|
| 039 |
0 |
|
|a 2
|b 3
|c 3
|d 3
|e 3
|
| 040 |
|
|
|a DLC
|c DLC
|d TXA
|d UtOrBLW
|
| 049 |
|
|
|a TXAM
|c [388652]
|
| 050 |
0 |
0 |
|a PR6013 R44
|b Z643
|
| 082 |
0 |
|
|a 823/.912
|2 19
|
| 100 |
1 |
|
|a Kurismmootil, K. C. Joseph,
|d 1949-
|
| 245 |
1 |
0 |
|a Heaven and hell on earth :
|b an appreciation of five novels of Graham Greene /
|c K.C. Joseph Kurismmootil.
|
| 263 |
|
|
|a 8208
|
| 264 |
|
1 |
|a Chicago, Ill. :
|b Loyola University Press,
|c 1982.
|
| 300 |
|
|
|a 242 pages ;
|c 24 cm.
|
| 336 |
|
|
|a text
|b txt
|2 rdacontent
|
| 337 |
|
|
|a unmediated
|b n
|2 rdamedia
|
| 338 |
|
|
|a volume
|b nc
|2 rdacarrier
|
| 500 |
|
|
|a "A Campion book"
|
| 504 |
|
|
|a Bibliography: pages 229-242.
|
| 600 |
1 |
0 |
|a Greene, Graham,
|d 1904-1991
|x Criticism and interpretation.
|
| 999 |
|
|
|a MARS
|
| 999 |
f |
f |
|s 2688edad-bbb8-3bc2-a0b9-4e4cc0ca2c28
|i 92592609-8f58-376d-9cf6-359769e0b869
|t 0
|
| 952 |
f |
f |
|p normal
|a Texas A&M University
|b College Station
|c Sterling C. Evans Library
|d Evans: Library Stacks
|t 0
|e PR6013 R44 Z643
|h Library of Congress classification
|i unmediated -- volume
|m A14806002366
|
| 998 |
f |
f |
|a PR6013 R44 Z643
|t 0
|l Evans: Library Stacks
|